000 01160nam2a22002291 4500
001 rc\8513
005 20250620120834.0
035 _a(NLR Aleph) 005309864
090 _a6374897
_c6374897
100 _a20021204d1995 |||y0rusy50 ca
101 0 _arus
102 _aRU
105 _aa |||||||||
200 0 _aЧ. 2
210 _d1995
_aБ. м.
215 _a127 с.
_cил.
461 0 _1001rc\8511
_12001#$aЧеловек и окружающая среда$eКн. для дополнит. чтения по прогр. "Экол. развитие"$fЛ.П. Анастасова, Т.В. Кучер, И.В. Николаев$gМоск. учеб. фирма "Рекорд"$vЧ. 2
_1700#1$aАнастасова$bЛ.П.$gЛюдмила Павловна
_96374879
_aАнастасова, Л.П.
_cМ.
_d1995-
_fЛ.П. Анастасова, Т.В. Кучер, И.В. Николаев
_nВалент
_oКн. для дополнит. чтения по прогр. "Экол. развитие"
_tЧеловек и окружающая среда
_y585677079Х
_vЧ. 2
801 0 _aRU
_bNLR
_gpsbo
801 1 _aRU
_bELAR
_2rusmarc
852 _aNLR
_j96-7/14
942 _cBOOK
980 _aNB